| 000 | 00921 a2200205 4500 | ||
|---|---|---|---|
| 020 | _a0070521824 | ||
| 020 | _a9780070521827 | ||
| 082 | 0 | 4 | _a005.1 |
| 090 |
_c3600 _d3600 |
||
| 100 | 1 | _aPressman, Roger S. | |
| 245 | 1 | 0 |
_aSoftware engineering : _ba practitioner's approach / _cRoger S. Pressman. |
| 250 | _a4th ed. | ||
| 260 |
_a[S.l.] : _bMcGraw-Hill Companies, _c1996. |
||
| 300 |
_a852 p. ; _c24 cm. |
||
| 500 | _aHardcover. | ||
| 520 | _aWell-suited for both the student and the working professional, Software Engineering A Practitioner's Approach recognizes the dramatic growth in the field of software engineering and emphasizes new and important methods and tools used in the industry. | ||
| 856 | 4 | 0 |
_3Amazon.com _uhttp://www.amazon.com/exec/obidos/ASIN/0070521824/chopaconline-20 |
| 856 | 4 | 0 |
_3Amazon customer reviews _uhttp://www.chopac.org/cgi-bin/tools/azrev.pl?q=0070521824 |
| 942 |
_aNBS _cBK _k005.1 PRE |
||
| 999 |
_c346071 _d346071 |
||